Principles of Money, Banking, and Financial Markets/ (Record no. 36506)

MARC details
000 -LEADER
fixed length control field 00556nam a22001937a 4500
005 - DATE AND TIME OF LATEST TRANSACTION
control field 20240830112541.0
008 - FIXED-LENGTH DATA ELEMENTS--GENERAL INFORMATION
fixed length control field 240830b |||||||| |||| 00| 0 eng d
020 ## - INTERNATIONAL STANDARD BOOK NUMBER
ISBN 0-465-06367-5
082 ## - DEWEY DECIMAL CLASSIFICATION NUMBER
Classification number 332
Item number RIT-P
100 ## - MAIN ENTRY--AUTHOR
Author Name Ritter, Lawrence.S
245 ## - TITLE STATEMENT
Title Principles of Money, Banking, and Financial Markets/
Statement of responsibility, etc. Lawrence S. Ritter
250 ## - EDITION STATEMENT
Edition statement 8th ed.
260 ## - PUBLICATION, DISTRIBUTION, ETC.
Place of Publication USA;
Name of publisher, distributor, etc. Basic Books;
Date of publication, distribution, etc. 1993
300 ## - PHYSICAL DESCRIPTION
Pages xxxiv, 648 p.;
500 ## - GENERAL NOTE
General note Includes index.
650 ## - SUBJECT ADDED ENTRY--TOPICAL TERM
Subject / Department Money Banking /Finance
700 ## - ADDED ENTRY--PERSONAL NAME
Personal name William L. Silber
300 ## - PHYSICAL DESCRIPTION
-- ill.;
-- 24 cm.
952 ## - LOCATION AND ITEM INFORMATION (KOHA)
-- 0
-- 0
Holdings
Lost status Damaged status Collection code Permanent Location Current Location Shelving Location Date acquired Full Call Number Accession No./Barcode Date last seen item type Koha item type
    Economics/Commerce Superior Information Resource Center (SIRC) Superior University - City Campus Superior Information Resource Center (SIRC) Superior University - City Campus Economics 08/30/2024 332 RIT-P 1993 20733 08/30/2024 BOOK BOOK

Powered by Koha